01338nam a2200313 a 450000100060000000300080000600500170001400800410003103500190007204000320009104100080012308200260013110000330015724500510019024600950024124600220033625000180035826000280037630000260040449000660043049000810049650400510057750501740062865000190080270000200082170000360084183000660087783000810094377193BD-RjUL20211209082936.0200302m1953 enka b 001 0 eng d a(BD-RjUL)77417 aTMNcTMNdEQOdBD-RjULbeng aeng04a821.5bPOP V-4-5 19531 aPope, Alexander,d1688-1744.14aThe Poems of Alexander Pope /cAlexander Pope  aImitations of Horace with an Epistle to Dr Arbuthnot and the Epilogue to the Satires (V-4) aThe Dunciad (V-5) a2nd ed., rev. aLondon:bMethuen,c1953 a v. :bill. ;c22 cm.1 aThe Twickenham edition of the poems of Alexander Pope ;vv. 41 aThe Twickenham edition of the poems of Alexander Pope ;vv. 5 (2nd ed. rev.) aIncludes bibliographical references and index.0 aVol. 4 Imitations of Horace with an Epistle to Dr Arbuthnot and the Epilogue to the Satires / Edited by John Butt. -- v. 5. The Dunciad / Edited by James Sutherland.-- aEnglish Poetry1 aButt, John, ed.1 aSutherland, James,d1900- , ed. aThe Twickenham edition of the poems of Alexander Pope ;vv. 4 aThe Twickenham edition of the poems of Alexander Pope ;vv. 5 (2nd ed. rev.)